Centered riding / (Запис № 479273)

МАРК-запис
000 -LEADER
fixed length control field 01692cam a2200385 a 4500
001 - CONTROL NUMBER
control field centeredriding00swif
003 - CONTROL NUMBER IDENTIFIER
control field CaSfIA
005 - DATE AND TIME OF LATEST TRANSACTION
control field 20210117223136.0
007 - PHYSICAL DESCRIPTION FIXED FIELD--GENERAL INFORMATION
fixed length control field cr||||
008 - FIXED-LENGTH DATA ELEMENTS--GENERAL INFORMATION
fixed length control field 841016s1985 nyua 000 0 eng
010 ## - LIBRARY OF CONGRESS CONTROL NUMBER
LC control number 84022351
040 ## - CATALOGING SOURCE
Original cataloging agency DLC
Transcribing agency DLC
Modifying agency BAKER
-- BTCTA
-- YDXCP
-- OCLCG
-- CaSfIA
020 ## - INTERNATIONAL STANDARD BOOK NUMBER
International Standard Book Number 0312127340 :
Terms of availability $14.95
020 ## - INTERNATIONAL STANDARD BOOK NUMBER
International Standard Book Number 9780312127343
035 ## - SYSTEM CONTROL NUMBER
System control number (OCoLC)11371609
050 00 - LIBRARY OF CONGRESS CALL NUMBER
Classification number SF309
Item number .S995 1985
082 00 - DEWEY DECIMAL CLASSIFICATION NUMBER
Classification number 798.2/3
Edition number 19
029 1# - (OCLC)
OCLC library identifier YDXCP
System control number 187594
029 1# - (OCLC)
OCLC library identifier NZ1
System control number 3737867
029 1# - (OCLC)
OCLC library identifier AU@
System control number 000003501447
100 1# - MAIN ENTRY--PERSONAL NAME
Personal name Swift, Sally,
Dates associated with a name 1913-
245 10 - TITLE STATEMENT
Title Centered riding /
Medium [electronic resource]
Statement of responsibility, etc by Sally Swift ; photography by Mike Noble ; drawings by Jean MacFarland.
250 ## - EDITION STATEMENT
Edition statement 1st ed.
260 ## - PUBLICATION, DISTRIBUTION, ETC. (IMPRINT)
Place of publication, distribution, etc New York :
Name of publisher, distributor, etc St. Martin's/Marek,
Date of publication, distribution, etc c1985.
300 ## - PHYSICAL DESCRIPTION
Extent 198 p. :
Other physical details ill. ;
Dimensions 25 cm.
500 ## - GENERAL NOTE
General note "A Trafalgar Square farm book."
506 ## - RESTRICTIONS ON ACCESS NOTE
Standardized terminology for access restriction Необхідна авторизація на https://archive.org/ (створення облікового запису безкоштовно)
506 ## - RESTRICTIONS ON ACCESS NOTE
Standardized terminology for access restriction Необхідна авторизація на https://openlibrary.org/ (створення облікового запису безкоштовно)
650 #0 - SUBJECT ADDED ENTRY--TOPICAL TERM
Topical term or geographic name as entry element Horsemanship.
856 42 - ELECTRONIC LOCATION AND ACCESS
Materials specified Contributor biographical information
Uniform Resource Identifier <a href="http://www.loc.gov/catdir/bios/hol054/84022351.html">http://www.loc.gov/catdir/bios/hol054/84022351.html</a>
856 42 - ELECTRONIC LOCATION AND ACCESS
Materials specified Publisher description
Uniform Resource Identifier <a href="http://www.loc.gov/catdir/description/hol042/84022351.html">http://www.loc.gov/catdir/description/hol042/84022351.html</a>
856 41 - ELECTRONIC LOCATION AND ACCESS
Uniform Resource Identifier <a href="http://www.archive.org/details/centeredriding00swif">http://www.archive.org/details/centeredriding00swif</a>
Public note Free eBook from the Internet Archive
856 42 - ELECTRONIC LOCATION AND ACCESS
Uniform Resource Identifier <a href="http://www.openlibrary.org/books/OL2859617M">http://www.openlibrary.org/books/OL2859617M</a>
Public note Additional information and access via Open Library
942 ## - ADDED ENTRY ELEMENTS (KOHA)
Koha item type ЕКнига

Немає доступних примірників.